[Event "Rio de Janeiro"]
[Site "Rio de Janeiro"]
[Date "1998.??.??"]
[Round "8"]
[White "Barreras, Alberto"]
[Black "Rios Filho, Hilton Carlos da Si"]
[Result "1-0"]
[WhiteElo "2335"]
[BlackElo "2275"]
[PlyCount "47"]
[EventDate "1998.??.??"]
[EventType "tourn"]
[EventRounds "9"]
[EventCountry "BRA"]
[SourceTitle "EXT 2000"]
[Source "ChessBase"]
[SourceDate "1999.11.16"]
[SourceVersion "1"]
[SourceVersionDate "1999.11.16"]
[SourceQuality "1"]

1. d4 Nf6 2. Nf3 e6 3. e3 c5 4. Bd3 Nc6 5. 0-0 Be7 6. b3 0-0 7. Bb2 b6 8. Nbd2 Bb7 9. a3 Rc8 10. Qe2 Rc7 11. Rfe1 d6 12. Nf1 Qc8 13. Ng3 a6 14. Rad1 b5 15. dxc5 dxc5 16. Ng5 h6 17. N5e4 Nxe4 18. Bxe4 Rd8 19. Qg4 Bf8 20. Nh5 f5 21. Qg6 Rf7 22. Bxc6 Rxd1 23. Rxd1 Qxc6 24. Bxg7 1-0

[Event "Rio de Janeiro"]
[Site "Rio de Janeiro"]
[Date "1998.??.??"]
[Round "5"]
[White "Dumont, Sadi Glasser"]
[Black "Barreras, Alberto"]
[Result "1/2-1/2"]
[WhiteElo "2345"]
[BlackElo "2335"]
[PlyCount "22"]
[EventDate "1998.??.??"]
[EventType "tourn"]
[EventRounds "9"]
[EventCountry "BRA"]
[SourceTitle "EXT 2000"]
[Source "ChessBase"]
[SourceDate "1999.11.16"]
[SourceVersion "1"]
[SourceVersionDate "1999.11.16"]
[SourceQuality "1"]

1. e4 e5 2. Nf3 Nc6 3. Bb5 a6 4. Ba4 d6 5. c3 Bd7 6. 0-0 g6 7. d4 Bg7 8. Re1 Nge7 9. Be3 0-0 10. Nbd2 h6 11. dxe5 dxe5 1/2-1/2

[Event "Paulinia Casa do Mestre"]
[Site "Paulinia"]
[Date "1995.04.??"]
[Round "6"]
[White "Barreras, Alberto"]
[Black "Matsuura, Everaldo"]
[Result "1/2-1/2"]
[WhiteElo "2315"]
[BlackElo "2370"]
[PlyCount "84"]
[EventDate "1995.04.03"]
[EventType "tourn"]
[EventRounds "11"]
[EventCountry "BRA"]
[SourceTitle "EXT 2022"]
[Source "ChessBase"]
[SourceDate "2021.10.06"]
[SourceVersion "1"]
[SourceVersionDate "2021.10.06"]
[SourceQuality "1"]

1. d4 f5 2. Nc3 Nf6 3. Bg5 d5 4. Bxf6 exf6 5. e3 Be6 6. Bd3 Nc6 7. Qf3 Qd7 8. a3 0-0-0 9. Nge2 g5 10. g3 h5 11. h4 Be7 12. Rh2 f4 13. gxf4 Bg4 14. Qh1 gxf4 15. exf4 Bf8 16. 0-0-0 Bh6 17. Kb1 Rhe8 18. Qg2 Re7 19. Rhh1 Kb8 20. f3 Bf5 21. Bxf5 Qxf5 22. Ng3 Qxf4 23. Nxh5 Qd6 24. Qg6 Be3 25. Nb5 Qe6 26. Rhe1 Qh3 27. Qxf6 a6 28. Nxc7 Bxd4 29. Nxa6+ Ka7 30. Qf4 Rxe1 31. Rxe1 Kxa6 32. Rd1 Be5 33. Qa4+ Kb6 34. Qb3+ Ka7 35. Nf4 Qxh4 36. Ne6 Rh8 37. Nc5 Qe7 38. Rxd5 Rd8 39. Qa4+ Kb8 40. Na6+ bxa6 41. Qxc6 Rxd5 42. Qxd5 Bg7 1/2-1/2

[Event "Sao Paulo CCM CAP"]
[Site "Sao Paulo"]
[Date "1995.04.??"]
[Round "9"]
[White "Barreras, Alberto"]
[Black "Santos, Renato Andrade"]
[Result "1/2-1/2"]
[WhiteElo "2315"]
[BlackElo "2330"]
[PlyCount "20"]
[EventDate "1995.??.??"]
[EventType "tourn"]
[EventRounds "11"]
[EventCountry "BRA"]
[EventCategory "3"]
[SourceTitle "EXT 2003"]
[Source "ChessBase"]
[SourceDate "2002.11.25"]
[SourceVersion "1"]
[SourceVersionDate "2002.11.25"]
[SourceQuality "1"]

1. d4 Nf6 2. c4 c5 3. d5 b5 4. cxb5 a6 5. bxa6 g6 6. Nc3 Bxa6 7. Nf3 d6 8. Nd2 Bg7 9. e4 Bxf1 10. Nxf1 Qa5 1/2-1/2

[Event "Sao Paulo CCM CAP"]
[Site "Sao Paulo"]
[Date "1995.04.??"]
[Round "1"]
[White "De Souza, Mauro Guimaraes"]
[Black "Barreras, Alberto"]
[Result "1/2-1/2"]
[WhiteElo "2355"]
[BlackElo "2315"]
[PlyCount "45"]
[EventDate "1995.??.??"]
[EventType "tourn"]
[EventRounds "11"]
[EventCountry "BRA"]
[EventCategory "3"]
[SourceTitle "EXT 2003"]
[Source "ChessBase"]
[SourceDate "2002.11.25"]
[SourceVersion "1"]
[SourceVersionDate "2002.11.25"]
[SourceQuality "1"]

1. e4 e5 2. Nf3 Nc6 3. Bc4 Nf6 4. d3 Bc5 5. 0-0 d6 6. c3 0-0 7. Nbd2 a6 8. Bb3 Ba7 9. h3 Ne7 10. Re1 Ng6 11. Nf1 Nh5 12. Bg5 Qe8 13. Nh4 Nhf4 14. Nf5 Be6 15. N1g3 f6 16. Bxf4 Nxf4 17. Ne2 Ng6 18. d4 Kh8 19. Qd3 Qf7 20. Bxe6 Qxe6 21. Qg3 Qf7 22. Kh1 Ne7 23. Ne3 1/2-1/2

[Event "Sao Paulo CCM CAP"]
[Site "Sao Paulo"]
[Date "1995.04.??"]
[Round "4"]
[White "Pelikian, Jefferson"]
[Black "Barreras, Alberto"]
[Result "1/2-1/2"]
[WhiteElo "2335"]
[BlackElo "2315"]
[PlyCount "27"]
[EventDate "1995.??.??"]
[EventType "tourn"]
[EventRounds "11"]
[EventCountry "BRA"]
[EventCategory "3"]
[SourceTitle "EXT 2003"]
[Source "ChessBase"]
[SourceDate "2002.11.25"]
[SourceVersion "1"]
[SourceVersionDate "2002.11.25"]
[SourceQuality "1"]

1. e4 Nf6 2. Nc3 d5 3. e5 Ne4 4. Qf3 Nxc3 5. dxc3 g6 6. Bf4 c6 7. 0-0-0 Qa5 8. a3 Bg7 9. Qe3 h6 10. Nf3 Bg4 11. Re1 Bxf3 12. Qxf3 e6 13. g4 Nd7 14. h4 1/2-1/2

[Event "Sao Paulo CCM CXSP"]
[Site "Sao Paulo"]
[Date "1995.03.??"]
[Round "5"]
[White "Diaz Diaz, Joaquin Carlos"]
[Black "Barreras, Alberto"]
[Result "1/2-1/2"]
[WhiteElo "2430"]
[BlackElo "2315"]
[PlyCount "20"]
[EventDate "1995.??.??"]
[EventType "tourn"]
[EventRounds "11"]
[EventCountry "BRA"]
[EventCategory "3"]
[SourceTitle "EXT 2003"]
[Source "ChessBase"]
[SourceDate "2002.11.25"]
[SourceVersion "1"]
[SourceVersionDate "2002.11.25"]
[SourceQuality "1"]

1. e4 e5 2. Nf3 d6 3. d4 exd4 4. Nxd4 Nf6 5. Nc3 Be7 6. Be2 0-0 7. 0-0 Nc6 8. Be3 Re8 9. Qd2 Nxd4 10. Bxd4 Bf8 1/2-1/2

[Event "Havana op"]
[Site "Havana"]
[Date "1994.??.??"]
[Round "6"]
[White "Barreras, Alberto"]
[Black "Garcia Carey, Osmel"]
[Result "0-1"]
[WhiteElo "2315"]
[BlackElo "2365"]
[PlyCount "94"]
[EventDate "1994.04.??"]
[EventType "swiss"]
[EventRounds "9"]
[EventCountry "CUB"]
[SourceTitle "EXT 1997"]
[Source "ChessBase"]
[SourceDate "1996.11.15"]
[SourceVersion "1"]
[SourceVersionDate "1996.11.15"]
[SourceQuality "1"]

1. d4 Nf6 2. c4 c5 3. d5 e6 4. Nc3 exd5 5. cxd5 d6 6. e4 g6 7. f4 Bg7 8. e5 Nfd7 9. Ne4 dxe5 10. Nd6+ Ke7 11. Nxc8+ Qxc8 12. Nf3 Qc7 13. Bc4 Qd6 14. 0-0 Re8 15. Qb3 b6 16. Bb5 e4 17. Ng5 Kf8 18. Bc6 Nxc6 19. dxc6 c4 20. Nxh7+ Kg8 21. Qh3 Nf8 22. Nxf8 Rxf8 23. f5 Qxc6 24. Bg5 Rfe8 25. f6 Bh8 26. Kh1 Re5 27. Qg4 Qe6 28. Qxe6 Rxe6 29. g4 e3 30. Rae1 Rae8 31. Re2 b5 32. a3 a5 33. h4 Re4 34. Rf3 b4 35. axb4 axb4 36. Kh2 c3 37. bxc3 bxc3 38. Kg3 R8e6 39. Rfxe3 Rxe3+ 40. Rxe3 Rxe3+ 41. Bxe3 Bxf6 42. g5 Be7 43. Bc1 Bc5 44. Kf3 Kf8 45. Ke4 Ke7 46. Kf4 Ke6 47. Kg4 Bf2 0-1

[Event "Havana op"]
[Site "Havana"]
[Date "1994.??.??"]
[Round "2"]
[White "Barreras, Alberto"]
[Black "Palao, Maricela"]
[Result "1-0"]
[WhiteElo "2315"]
[BlackElo "2155"]
[PlyCount "71"]
[EventDate "1994.04.??"]
[EventType "swiss"]
[EventRounds "9"]
[EventCountry "CUB"]
[SourceTitle "EXT 1997"]
[Source "ChessBase"]
[SourceDate "1996.11.15"]
[SourceVersion "1"]
[SourceVersionDate "1996.11.15"]
[SourceQuality "1"]

1. d4 d5 2. Nf3 e6 3. g3 c5 4. Bg2 Nc6 5. 0-0 Nf6 6. c4 Be7 7. cxd5 exd5 8. Nc3 0-0 9. Bg5 c4 10. Ne5 Be6 11. e3 h6 12. Bxf6 Bxf6 13. f4 Bxe5 14. fxe5 a6 15. Qh5 b5 16. Rf4 Qg5 17. Qe2 Rad8 18. Raf1 Rd7 19. a3 Qd8 20. h4 b4 21. Na4 Re7 22. Nc5 bxa3 23. bxa3 Qa5 24. a4 Nb4 25. Qh5 Qb6 26. g4 Nd3 27. Nxd3 cxd3 28. g5 Kh7 29. Rf6 Bg4 30. Qxg4 gxf6 31. gxf6 Rg8 32. Qf5+ Kh8 33. fxe7 Qb2 34. Qf6+ Kh7 35. Qxf7+ Rg7 36. Qxg7+ 1-0

[Event "Havana op"]
[Site "Havana"]
[Date "1994.??.??"]
[Round "5"]
[White "Hernandez Alvarez, Tania Regla"]
[Black "Barreras, Alberto"]
[Result "1-0"]
[WhiteElo "2175"]
[BlackElo "2315"]
[PlyCount "87"]
[EventDate "1994.04.??"]
[EventType "swiss"]
[EventRounds "9"]
[EventCountry "CUB"]
[SourceTitle "EXT 1997"]
[Source "ChessBase"]
[SourceDate "1996.11.15"]
[SourceVersion "1"]
[SourceVersionDate "1996.11.15"]
[SourceQuality "1"]

1. e4 Nf6 2. e5 Nd5 3. d4 d6 4. c4 Nb6 5. f4 dxe5 6. fxe5 Nc6 7. Nf3 Bg4 8. Be3 e6 9. Nc3 Bxf3 10. gxf3 Qh4+ 11. Bf2 Qf4 12. c5 Nd7 13. Bb5 Be7 14. Bxc6 bxc6 15. Qe2 Rb8 16. Rg1 Bxc5 17. Rg4 Qf5 18. dxc5 Nxe5 19. 0-0-0 Nxg4 20. fxg4 Qf4+ 21. Be3 Qb4 22. Rd4 Qb7 23. g5 Rd8 24. Rxd8+ Kxd8 25. Bd4 Kc8 26. Bxg7 Rd8 27. Bf6 Rd7 28. Qe4 Qa6 29. Kc2 Kb7 30. Qxh7 Qc4 31. Qe4 Qxc5 32. h4 Qf2+ 33. Kb3 a5 34. Qc4 Rd2 35. Na4 Qe3+ 36. Bc3 Rd5 37. a3 e5 38. Ka2 Qf4 39. Nc5+ Kb6 40. Qxf4 exf4 41. Ne4 f3 42. Bf6 Rd1 43. h5 a4 44. Nf2 1-0

[Event "Isla Guitart op"]
[Site "Isla Guitart "]
[Date "1994.??.??"]
[Round "?"]
[White "Ravelo Gil, Eddy"]
[Black "Barreras, Alberto"]
[Result "1-0"]
[WhiteElo "2350"]
[BlackElo "2315"]
[PlyCount "59"]
[EventDate "1994.??.??"]
[EventType "swiss"]
[EventRounds "9"]
[EventCountry "CUB"]
[SourceTitle "EXT 2000"]
[Source "ChessBase"]
[SourceDate "1999.11.16"]
[SourceVersion "1"]
[SourceVersionDate "1999.11.16"]
[SourceQuality "1"]

1. d4 d5 2. c4 e6 3. Nc3 c5 4. cxd5 cxd4 5. Qa4+ Bd7 6. Qxd4 exd5 7. Qe5+ Be6 8. e4 Nc6 9. Bb5 Qd7 10. exd5 Nxe5 11. dxe6 fxe6 12. Bxd7+ Kxd7 13. Be3 Ng4 14. 0-0-0+ Ke8 15. Bd4 e5 16. Be3 N8f6 17. Nf3 Nxe3 18. fxe3 Bb4 19. Nd5 Rc8+ 20. Kb1 Bc5 21. Nxe5 Nxd5 22. Rxd5 Ke7 23. Rhd1 Rhd8 24. Nd7 Bb4 25. Rg5 g6 26. Re5+ Kf7 27. Rb5 Be7 28. Rxb7 Ke6 29. Rxa7 Bd6 30. e4 1-0

[Event "Havana op"]
[Site "Havana"]
[Date "1994.??.??"]
[Round "3"]
[White "Sieiro Gonzalez, Luis"]
[Black "Barreras, Alberto"]
[Result "1/2-1/2"]
[WhiteElo "2405"]
[BlackElo "2315"]
[PlyCount "76"]
[EventDate "1994.04.??"]
[EventType "swiss"]
[EventRounds "9"]
[EventCountry "CUB"]
[SourceTitle "EXT 1997"]
[Source "ChessBase"]
[SourceDate "1996.11.15"]
[SourceVersion "1"]
[SourceVersionDate "1996.11.15"]
[SourceQuality "1"]

1. e4 Nf6 2. e5 Nd5 3. d4 d6 4. Nf3 g6 5. Bc4 Nb6 6. Bb3 Bg7 7. Qe2 d5 8. 0-0 a5 9. c3 Bg4 10. Nbd2 Qd7 11. h3 Be6 12. Ng5 a4 13. Bd1 h6 14. Nxe6 Qxe6 15. f4 Qd7 16. Bc2 e6 17. g4 Na6 18. f5 gxf5 19. gxf5 0-0-0 20. Bd3 Nb8 21. Qh5 Rdg8 22. Kh2 Bf8 23. Nf3 c5 24. Bf4 Nc6 25. Rg1 Nd8 26. dxc5 Nc4 27. b4 axb3 28. axb3 Rxg1 29. Rxg1 Bxc5 30. bxc4 Bxg1+ 31. Nxg1 dxc4 32. Bxc4 Qa4 33. Qe2 b5 34. Bxb5 Qxf4+ 35. Kh1 exf5 36. Nf3 Rg8 37. Qd3 Qc1+ 38. Kh2 Qf4+ 1/2-1/2

[Event "Havana op"]
[Site "Havana"]
[Date "1992.??.??"]
[Round "?"]
[White "Barreras, Alberto"]
[Black "Gomez Segura, Adalberto"]
[Result "1-0"]
[WhiteElo "2310"]
[BlackElo "2325"]
[PlyCount "53"]
[EventDate "1992.??.??"]
[EventType "swiss"]
[EventRounds "9"]
[EventCountry "CUB"]
[SourceTitle "EXT 2000"]
[Source "ChessBase"]
[SourceDate "1999.11.16"]
[SourceVersion "1"]
[SourceVersionDate "1999.11.16"]
[SourceQuality "1"]

1. d4 Nf6 2. c4 c5 3. d5 b5 4. cxb5 e6 5. Nc3 exd5 6. Nxd5 Bb7 7. Nxf6+ Qxf6 8. Nf3 d5 9. e3 Bd6 10. Be2 0-0 11. 0-0 Nd7 12. Rb1 Rfe8 13. b4 cxb4 14. Bb2 Qh6 15. Bd4 Nf6 16. Bxf6 Qxf6 17. Nd4 Re5 18. Bd3 Qh6 19. g3 Bc8 20. Qf3 Rh5 21. Bf5 g6 22. Qxd5 Bxg3 23. fxg3 Qxe3+ 24. Kh1 Qxg3 25. Rb2 Rb8 26. Qd8+ Kg7 27. Bxc8 1-0

[Event "Havana op"]
[Site "Havana"]
[Date "1992.??.??"]
[Round "?"]
[White "Cabrera Castellanos, Gabriel"]
[Black "Barreras, Alberto"]
[Result "0-1"]
[WhiteElo "2240"]
[BlackElo "2310"]
[PlyCount "72"]
[EventDate "1992.??.??"]
[EventType "swiss"]
[EventRounds "9"]
[EventCountry "CUB"]
[SourceTitle "EXT 2000"]
[Source "ChessBase"]
[SourceDate "1999.11.16"]
[SourceVersion "1"]
[SourceVersionDate "1999.11.16"]
[SourceQuality "1"]

1. d4 Nf6 2. Nf3 g6 3. g3 Bg7 4. Bg2 0-0 5. 0-0 d5 6. c4 dxc4 7. Na3 c3 8. bxc3 c5 9. Ne5 Nfd7 10. Nxd7 Nxd7 11. Rb1 cxd4 12. cxd4 Nb6 13. d5 Bg4 14. h3 Bd7 15. Bg5 h6 16. Be3 e6 17. Bc5 Re8 18. e4 exd5 19. exd5 Bf5 20. Rb4 Qc8 21. Bxb6 axb6 22. Nb5 Qc5 23. a3 Rxa3 24. Nxa3 Qxb4 25. Nc2 Qc5 26. Ne3 Be4 27. Qd2 Bxg2 28. Nxg2 Re4 29. Rc1 Rc4 30. Rxc4 Qxc4 31. Ne3 Qc3 32. Qd1 Qa1 33. Qxa1 Bxa1 34. Kf1 Bd4 35. Ke2 Bxe3 36. fxe3 f5 0-1

[Event "Fuerteventura op"]
[Site "Fuerteventura"]
[Date "1992.??.??"]
[Round "?"]
[White "Elissalt Cardenas, Hector"]
[Black "Barreras, Alberto"]
[Result "0-1"]
[WhiteElo "2265"]
[BlackElo "2310"]
[PlyCount "54"]
[EventDate "1992.??.??"]
[EventType "swiss"]
[EventRounds "11"]
[EventCountry "CUB"]
[SourceTitle "EXT 1999"]
[Source "ChessBase"]
[SourceDate "1998.11.16"]
[SourceVersion "1"]
[SourceVersionDate "1998.11.16"]
[SourceQuality "1"]

1. d4 d5 2. Nc3 Bf5 3. f3 c6 4. e4 Bg6 5. Nge2 e6 6. Nf4 Nd7 7. h4 dxe4 8. h5 Bf5 9. fxe4 e5 10. exf5 exf4 11. Bxf4 Qa5 12. Qe2+ Ne7 13. g4 0-0-0 14. 0-0-0 Nd5 15. Nxd5 Qxd5 16. Qa6 Qf3 17. Be5 Nxe5 18. Qxa7 Qf4+ 19. Kb1 Nxg4 20. f6 Nf2 21. d5 gxf6 22. Rh4 Bc5 23. Qxc5 Qxh4 24. Ba6 Qa4 25. Bxb7+ Kxb7 26. Rd4 Rxd5 27. Rb4+ Kc8 0-1

[Event "Havana-B"]
[Site "Havana"]
[Date "1985.??.??"]
[Round "11"]
[White "Barreras, Alberto"]
[Black "Hernandez Onna, Roman"]
[Result "1/2-1/2"]
[WhiteElo "2370"]
[BlackElo "2440"]
[PlyCount "23"]
[EventDate "1985.05.??"]
[EventType "tourn"]
[EventRounds "13"]
[EventCountry "CUB"]
[EventCategory "8"]
[SourceTitle "MCD"]
[Source "ChessBase"]
[SourceDate "1999.07.01"]
[SourceVersion "1"]
[SourceVersionDate "1999.07.01"]
[SourceQuality "1"]

1. g3 g6 2. Bg2 Bg7 3. f4 d6 4. Nf3 e5 5. fxe5 dxe5 6. e4 Ne7 7. d3 0-0 8. 0-0 Nbc6 9. Nc3 Nd4 10. Be3 Bg4 11. Qd2 Qd7 12. Rf2 1/2-1/2

[Event "Havana-B"]
[Site "Havana"]
[Date "1985.??.??"]
[Round "6"]
[White "Garcia Martinez, Silvino"]
[Black "Barreras, Alberto"]
[Result "1/2-1/2"]
[WhiteElo "2430"]
[BlackElo "2370"]
[PlyCount "49"]
[EventDate "1985.05.??"]
[EventType "tourn"]
[EventRounds "13"]
[EventCountry "CUB"]
[EventCategory "8"]
[SourceTitle "MCD"]
[Source "ChessBase"]
[SourceDate "1999.07.01"]
[SourceVersion "1"]
[SourceVersionDate "1999.07.01"]
[SourceQuality "1"]

1. e4 Nf6 2. e5 Nd5 3. c4 Nb6 4. b3 g6 5. Bb2 Bg7 6. d4 d6 7. exd6 cxd6 8. h3 0-0 9. Nf3 Nc6 10. Be2 Bf5 11. Na3 d5 12. 0-0 dxc4 13. bxc4 Qd7 14. Re1 Rfd8 15. c5 Nd5 16. Qd2 Be4 17. Bd1 Nf6 18. Nc4 Qf5 19. Qe3 Bd5 20. Nce5 Nd7 21. Ng4 Nf8 22. Nh6+ Bxh6 23. Qxh6 Ne6 24. Ne5 Qf4 25. Qxf4 1/2-1/2

[Event "Havana-B"]
[Site "Havana"]
[Date "1985.??.??"]
[Round "10"]
[White "Garcia Palermo, Carlos H"]
[Black "Barreras, Alberto"]
[Result "1-0"]
[WhiteElo "2520"]
[BlackElo "2370"]
[PlyCount "55"]
[EventDate "1985.05.??"]
[EventType "tourn"]
[EventRounds "13"]
[EventCountry "CUB"]
[EventCategory "8"]
[SourceTitle "MCD"]
[Source "ChessBase"]
[SourceDate "1999.07.01"]
[SourceVersion "1"]
[SourceVersionDate "1999.07.01"]
[SourceQuality "1"]

1. d4 Nf6 2. c4 g6 3. Nf3 Bg7 4. Nc3 d5 5. Bg5 Ne4 6. cxd5 Nxg5 7. Nxg5 c6 8. dxc6 Nxc6 9. d5 Ne5 10. Qa4+ Bd7 11. Qb3 0-0 12. e3 e6 13. dxe6 Qxg5 14. exd7 Nxd7 15. Rd1 Nb6 16. g3 Qa5 17. Bg2 Rac8 18. 0-0 Bxc3 19. bxc3 Rxc3 20. Qb2 Rb8 21. Rd4 Nc4 22. Qe2 b5 23. Rfd1 Ra3 24. Bd5 Rf8 25. Qf3 Rxa2 26. Qf6 Qc7 27. Bxc4 bxc4 28. Rd8 1-0

[Event "Havana Radio Rebelde op 1st"]
[Site "Havana"]
[Date "1981.07.27"]
[Round "2"]
[White "Barreras, Alberto"]
[Black "Gomez Segura, Adalberto"]
[Result "1-0"]
[WhiteElo "2390"]
[BlackElo "2220"]
[PlyCount "47"]
[EventDate "1981.07.26"]
[EventType "swiss"]
[EventRounds "9"]
[EventCountry "CUB"]
[SourceTitle "EXT 2023"]
[Source "ChessBase"]
[SourceDate "2022.10.05"]
[SourceVersion "1"]
[SourceVersionDate "2022.10.05"]
[SourceQuality "1"]

1. d4 Nf6 2. c4 e6 3. g3 d5 4. Bg2 Be7 5. Nf3 c5 6. cxd5 Nxd5 7. 0-0 Nc6 8. Nc3 cxd4 9. Nxd5 Qxd5 10. Nxd4 Qd7 11. Nxc6 bxc6 12. Qa4 Bb7 13. Rd1 Qc8 14. Bf4 0-0 15. Rac1 Bf6 16. b4 e5 17. Be3 Qg4 18. Bf3 Qf5 19. Bxc6 Bxc6 20. Rxc6 Qe4 21. Ra6 Rfc8 22. b5 Rc4 23. Qb3 Rac8 24. Rxa7 1-0